La experiencia de la lectura: estudios sobre literatura y formación

Enregistré dans:
Détails bibliographiques
Auteur principal: Larrosa, Jorge (Auteur)
Format: Livre
Langue:espagnol
Publié: Barcelona Laertes 1996
Édition:1a. ed
Collection:Psicopedagogía
Sujets:
Tags: Ajouter un tag
Pas de tags, Soyez le premier à ajouter un tag!

MARC

LEADER 00000nam a2200000 a 4500
001 UCK0459
003 CL-VaPUC
008 041008e19960000SP |||||||||||||||||spa|d
020 |a 8475843247 
082 0 4 |a 801.92  |b LAR  |2 21 
100 |a Larrosa, Jorge  |e author  |9 488424 
245 1 3 |a La experiencia de la lectura: estudios sobre literatura y formación 
250 |a 1a. ed 
300 |a 494 p 
942 |c BK 
945 |d 20041008 00:00:00  |a cmena 
260 |a Barcelona  |b Laertes  |c 1996 
650 0 |a Filosofía de la literatura  |9 267374 
650 0 |a Psicolingüística   |9 283371 
650 0 |a Psicología educacional   |9 307830 
650 0 |a Enseñanza de la lectura  |9 308364 
650 0 |a Educación lingüística  |9 306506 
583 |a last modification  |c 20041008 00:00:00  |k Rodrigo Vera 
490 0 |a Psicopedagogía 
999 |c 310896  |d 310894 
952 |0 0  |1 0  |4 0  |6 801_920000000000000_LAR_1996  |7 0  |8 A  |9 379939  |a BIBEDU  |b BIBEDU  |d 2019-11-21  |i 4059379  |o 801.92 LAR 1996  |p 4059379  |r 2019-11-21  |w 2019-11-21  |y BK  |k LIT